Giáo trình lịch sử ngữ âm Tiếng Việt Sơ thảo
Đề cập đến lại nguyên của hệ thống phụ âm đầu; hệ thống vần. Trình bày các bước đường diễn biến của ngữ âm Tiếng Việt.
Đã lưu trong:
| Tác giả chính: | |
|---|---|
| Định dạng: | Sách |
| Năm xuất bản: |
H.
Giáo dục
1997
|
| Phiên bản: | Tái bản lần thứ 1 |
| Chủ đề: | |
| Tags: |
Thêm thẻ
Không có thẻ, Hãy là người đầu tiên gắn thẻ bản ghi này!
|
| LEADER | 02049nam a2200289 4500 | ||
|---|---|---|---|
| 082 | |a 495.92215 |b NG527T | ||
| 100 | |a Nguyễn Tài Cẩn | ||
| 245 | |a Giáo trình lịch sử ngữ âm Tiếng Việt |c Nguyễn Tài Cẩn |b Sơ thảo | ||
| 250 | |a Tái bản lần thứ 1 | ||
| 260 | |a H. |b Giáo dục |c 1997 | ||
| 300 | |a 348 tr. |c 21 cm. | ||
| 520 | |a Đề cập đến lại nguyên của hệ thống phụ âm đầu; hệ thống vần. Trình bày các bước đường diễn biến của ngữ âm Tiếng Việt. | ||
| 653 | |a Ngôn ngữ | ||
| 653 | |a Tiếng Việt | ||
| 653 | |a Ngữ âm | ||
| 653 | |a Lịch sử | ||
| 653 | |a Giáo trình | ||
| 942 | |2 ddc |c STK0 | ||
| 999 | |c 10643 |d 10643 | ||
| 952 | |0 0 |1 0 |2 ddc |4 0 |6 495_922150000000000_NG527T |7 0 |8 400 |9 91790 |a qbu |b qbu |c D2 |d 2015-08-20 |g 14300 |o 495.92215 NG527T |p 10413.c1 |r 0000-00-00 |w 2015-08-20 |y STK0 | ||
| 952 | |0 0 |1 0 |2 ddc |4 0 |6 495_922150000000000_NG527T |7 0 |8 400 |9 91791 |a qbu |b qbu |c D2 |d 2015-08-20 |g 14300 |o 495.92215 NG527T |p 10413.c2 |r 0000-00-00 |w 2015-08-20 |y STK0 | ||
| 952 | |0 0 |1 0 |2 ddc |4 0 |6 495_922150000000000_NG527T |7 0 |8 400 |9 91792 |a qbu |b qbu |c D2 |d 2015-08-20 |g 14300 |l 1 |m 1 |o 495.92215 NG527T |p 10413.c3 |r 2018-01-02 |s 2017-12-05 |w 2015-08-20 |y STK0 | ||
| 952 | |0 0 |1 0 |2 ddc |4 0 |6 495_922150000000000_NG527T |7 0 |8 400 |9 91793 |a qbu |b qbu |c D2 |d 2015-08-20 |g 14300 |o 495.92215 NG527T |p 10413.c4 |r 0000-00-00 |w 2015-08-20 |y STK0 | ||
| 952 | |0 0 |1 0 |2 ddc |4 0 |6 495_922150000000000_NG527T |7 0 |8 400 |9 91794 |a qbu |b qbu |c D2 |d 2015-08-20 |g 14300 |o 495.92215 NG527T |p 10413.c5 |r 0000-00-00 |w 2015-08-20 |y STK0 | ||
| 952 | |0 0 |1 0 |2 ddc |4 0 |6 495_922150000000000_NG527T |7 0 |8 400 |9 91795 |a qbu |b qbu |c D2 |d 2015-08-20 |g 14300 |l 2 |m 1 |o 495.92215 NG527T |p 10413.c6 |r 2017-01-03 |s 2016-12-30 |w 2015-08-20 |y STK0 | ||
| 952 | |0 0 |1 0 |2 ddc |4 0 |6 495_922150000000000_NG527T |7 0 |8 400 |9 91796 |a qbu |b qbu |c D2 |d 2015-08-20 |g 14300 |o 495.92215 NG527T |p 10413.c7 |r 0000-00-00 |w 2015-08-20 |y STK0 | ||
| 952 | |0 0 |1 0 |2 ddc |4 0 |6 495_922150000000000_NG527T |7 0 |8 400 |9 91797 |a qbu |b qbu |c D2 |d 2015-08-20 |g 14300 |l 2 |m 1 |o 495.92215 NG527T |p 10413.c8 |r 2017-05-15 |s 2017-04-24 |w 2015-08-20 |y STK0 | ||